|
|
|
|
| LEADER |
00000nab a2200000 ar4500 |
| 001 |
vtls011495695 |
| 003 |
SK-MaSNL |
| 005 |
20260303231545.0 |
| 008 |
160218c20140715xo mr|p|||||||000 b|slo |
| 038 |
|
|
|a SNSK
|
| 040 |
|
|
|b slo
|c SNSK
|e AACR2
|
| 041 |
|
|
|a slo
|
| 044 |
|
|
|a xo
|c SK
|
| 080 |
|
|
|a 725.963
|x (437.67)
|2 2001
|
| 080 |
|
|
|a 069.444
|2 2001
|
| 080 |
|
|
|a 904
|x (437.6)
|2 2001
|
| 080 |
|
|
|a 336
|x (4)
|2 2001
|
| 245 |
0 |
0 |
|a Časť mestských hradieb v Levoči opravia
|b staticky zabezpečia oporné múry pred pádom
|c [autor](šim)
|
| 300 |
|
|
|b Fotogr.
|
| 650 |
0 |
7 |
|a mestské hradby
|2 snsk
|9 73176
|
| 650 |
0 |
7 |
|a mestské opevnenia
|2 snsk
|9 70043
|
| 650 |
0 |
7 |
|a Opravy a rekonštrukcie
|2 snsk
|9 1044953
|
| 650 |
0 |
7 |
|a európske fondy
|2 snsk
|9 151860
|
| 651 |
|
7 |
|a Levoča (Slovensko)
|2 snsk
|9 26696
|
| 773 |
0 |
|
|t Spišskonovoveský Korzár
|g Roč. III., č. 28 (15.7.2014), s. 4
|x 1338-841X
|
| 852 |
|
|
|a SNSK
|b KIS3GCP
|
| 999 |
|
|
|c 2267439
|d 2269369
|